[Event "SVK-chT 2425"]
[Site "Slovakia"]
[Date "2025.02.16"]
[Round "6.7"]
[White "Jozefek, Michal"]
[Black "Sarkozi, Szabolcs"]
[Result "1-0"]
[WhiteElo "2099"]
[BlackElo "2102"]
[PlyCount "57"]
[EventDate "2024.11.23"]
[EventType "team-tourn"]
[EventRounds "11"]
[EventCountry "SVK"]
[SourceTitle "CB14_2025"]
[SourceDate "2024.11.01"]
[SourceVersion "1"]
[SourceVersionDate "2024.11.01"]
[SourceQuality "1"]
[WhiteTeam "Osuske"]
[BlackTeam "Komarno"]
[WhiteTeamCountry "SVK"]
[BlackTeamCountry "SVK"]

1. d4 f5 2. g3 Nf6 3. Bg2 e6 4. Nf3 Be7 5. c4 d6 6. Nc3 0-0 7. 0-0 a5 8. Re1 Ne4 9. Qd3 Nxc3 10. Qxc3 Bf6 11. e4 fxe4 12. Rxe4 c5 13. Qc2 cxd4 14. Nxd4 e5 15. Nb5 Bf5 16. Be3 Nc6 17. Rd1 Be7 18. Nxd6 Bxd6 19. c5 Nd4 20. Bxd4 Bxe4 21. Bxe4 exd4 22. Rxd4 Rc8 23. Rxd6 Qe7 24. Bxh7+ Kh8 25. Rd5 b6 26. Rh5 Rc6 27. Bg6+ Kg8 28. Qc4+ Qe6 29. Rh8+ 1-0

[Event "SVK-chT 2223"]
[Site "Slovakia"]
[Date "2023.03.31"]
[Round "9.2"]
[White "Zpevak, Pavel"]
[Black "Jozefek, Michal"]
[Result "1/2-1/2"]
[WhiteElo "2328"]
[BlackElo "2204"]
[PlyCount "37"]
[EventDate "2022.10.22"]
[EventType "team-tourn"]
[EventRounds "11"]
[EventCountry "SVK"]
[SourceTitle "EXT 2024"]
[Source "ChessBase"]
[SourceDate "2023.10.10"]
[SourceVersion "1"]
[SourceVersionDate "2023.10.10"]
[SourceQuality "1"]
[WhiteTeam "Dubnica nad Vahom"]
[BlackTeam "Osuske"]
[WhiteTeamCountry "SVK"]
[BlackTeamCountry "SVK"]

1. d4 Nf6 2. c4 e6 3. Nf3 d5 4. g3 Bb4+ 5. Bd2 Be7 6. Bg2 0-0 7. 0-0 c6 8. Qc2 Nbd7 9. Bf4 Nh5 10. Bc1 b6 11. Nbd2 Nhf6 12. b3 Bb7 13. Bb2 Rc8 14. e4 dxe4 15. Nxe4 c5 16. Nxf6+ Bxf6 17. Rad1 cxd4 18. Bxd4 Qc7 19. Bxf6 1/2-1/2

[Event "SVK-chT3A2 2122"]
[Site "Slovakia"]
[Date "2021.10.10"]
[Round "1.1"]
[White "Sefcik, Marek"]
[Black "Jozefek, Michal"]
[Result "0-1"]
[WhiteElo "2012"]
[BlackElo "2218"]
[PlyCount "88"]
[EventDate "2021.10.10"]
[EventType "team-tourn"]
[EventRounds "11"]
[EventCountry "SVK"]
[SourceTitle "EXT 2023"]
[Source "ChessBase"]
[SourceDate "2022.10.05"]
[SourceVersion "1"]
[SourceVersionDate "2022.10.05"]
[SourceQuality "1"]
[WhiteTeam "Holic"]
[BlackTeam "Skalica"]
[WhiteTeamCountry "SVK"]
[BlackTeamCountry "SVK"]

1. Nc3 c5 2. Ne4 e6 3. Ng3 h5 4. e4 h4 5. N3e2 Nc6 6. d3 d5 7. c3 dxe4 8. dxe4 Qxd1+ 9. Kxd1 Nf6 10. f3 b6 11. Nh3 Ba6 12. Nef4 Bb7 13. Kc2 Rd8 14. Be3 Be7 15. Nd3 Nd7 16. Be2 a6 17. Rad1 b5 18. Ndf2 e5 19. Rhe1 Rc8 20. Ng4 f6 21. Bg1 g6 22. Ne3 c4 23. Nd5 Bd8 24. f4 Ne7 25. Bf3 Nxd5 26. exd5 0-0 27. fxe5 Nxe5 28. Nf4 Nxf3 29. gxf3 Kf7 30. Rd2 g5 31. Ne6 Re8 32. Nxd8+ Rcxd8 33. Rxe8 Kxe8 34. f4 g4 35. Bf2 h3 36. d6 Be4+ 37. Kd1 Bd3 38. Bc5 Kd7 39. Ke1 Kc6 40. Bb4 Rg8 41. b3 g3 42. hxg3 Rxg3 43. Rh2 Be4 44. bxc4 bxc4 0-1

[Event "SVK Club Cup"]
[Site "Kremnica"]
[Date "2021.09.19"]
[Round "7.16"]
[White "Mydlarik, Martin"]
[Black "Jozefek, Michal"]
[Result "1/2-1/2"]
[WhiteElo "2060"]
[BlackElo "2212"]
[PlyCount "46"]
[EventDate "2021.09.15"]
[EventType "team-tourn"]
[EventRounds "7"]
[EventCountry "SVK"]
[SourceTitle "CBM 204 Extra"]
[Source "ChessBase"]
[SourceDate "2021.11.30"]
[SourceVersion "1"]
[SourceVersionDate "2021.11.30"]
[SourceQuality "1"]
[WhiteTeam "Modra II"]
[BlackTeam "Osuske"]
[WhiteTeamCountry "SVK"]
[BlackTeamCountry "SVK"]

1. d4 Nf6 2. c4 e6 3. Nc3 Bb4 4. e3 0-0 5. Bd2 b6 6. Nf3 Bb7 7. Bd3 d5 8. cxd5 exd5 9. 0-0 a6 10. Ne5 Nbd7 11. f4 Re8 12. a3 Bd6 13. Be1 Nf8 14. Bh4 Be7 15. Bxf6 Bxf6 16. Qf3 Qd6 17. g4 c5 18. g5 Bd8 19. Rad1 cxd4 20. exd4 b5 21. Ne2 Ra7 22. Bb1 Bb6 23. Ng3 Bc8 1/2-1/2

[Event "SVK Club Cup"]
[Site "Kremnica"]
[Date "2021.09.18"]
[Round "5.15"]
[White "Solcan, Martin"]
[Black "Jozefek, Michal"]
[Result "0-1"]
[WhiteElo "2046"]
[BlackElo "2212"]
[PlyCount "68"]
[EventDate "2021.09.15"]
[EventType "team-tourn"]
[EventRounds "7"]
[EventCountry "SVK"]
[SourceTitle "CBM 204 Extra"]
[Source "ChessBase"]
[SourceDate "2021.11.30"]
[SourceVersion "1"]
[SourceVersionDate "2021.11.30"]
[SourceQuality "1"]
[WhiteTeam "Levice"]
[BlackTeam "Osuske"]
[WhiteTeamCountry "SVK"]
[BlackTeamCountry "SVK"]

1. g3 e5 2. c4 Nf6 3. Bg2 c5 4. Nc3 Nc6 5. e3 d6 6. Nge2 g6 7. 0-0 h5 8. d4 Bg4 9. Qa4 Bd7 10. dxc5 dxc5 11. Qc2 h4 12. Nd5 Nxd5 13. cxd5 Nb4 14. Qc3 Bd6 15. a3 Na6 16. f4 Qe7 17. b3 f6 18. Qc2 Bf5 19. e4 Bd7 20. Bb2 Nc7 21. fxe5 fxe5 22. Nf4 Qh7 23. g4 h3 24. Bf3 Nb5 25. Nd3 Nd4 26. Bxd4 cxd4 27. Qd2 Qh4 28. Nf2 0-0 29. Be2 Rf4 30. Rae1 Raf8 31. Bd1 Bb5 32. Nd3 Rxg4+ 33. Bxg4 Qxg4+ 34. Kh1 Rxf1+ 0-1

[Event "SVK Club Cup"]
[Site "Kremnica"]
[Date "2021.09.16"]
[Round "3.12"]
[White "Jozefek, Michal"]
[Black "Luptak, Peter"]
[Result "1-0"]
[WhiteElo "2212"]
[BlackElo "1702"]
[PlyCount "49"]
[EventDate "2021.09.15"]
[EventType "team-tourn"]
[EventRounds "7"]
[EventCountry "SVK"]
[SourceTitle "CBM 204 Extra"]
[Source "ChessBase"]
[SourceDate "2021.11.30"]
[SourceVersion "1"]
[SourceVersionDate "2021.11.30"]
[SourceQuality "1"]
[WhiteTeam "Osuske"]
[BlackTeam "Kremnica Postoj"]
[WhiteTeamCountry "SVK"]
[BlackTeamCountry "SVK"]

1. e4 e5 2. Nc3 Nc6 3. f4 exf4 4. Nf3 g5 5. Bc4 g4 6. 0-0 gxf3 7. Qxf3 Qf6 8. Nd5 Qd4+ 9. Kh1 Bh6 10. Bb3 Qe5 11. c3 Kd8 12. d4 Qg7 13. Bxf4 d6 14. Bg3 Be6 15. e5 Kd7 16. Nf6+ Nxf6 17. exf6 Qg4 18. d5 Qxf3 19. dxe6+ fxe6 20. Rxf3 Rae8 21. f7 Re7 22. Bh4 Ne5 23. Bxe7 Nxf3 24. f8Q Bxf8 25. Bf6 1-0

[Event "Skalica op"]
[Site "Skalica"]
[Date "2021.08.22"]
[Round "2"]
[White "Jozefek, Michal"]
[Black "Lanka, Zigurds"]
[Result "1/2-1/2"]
[WhiteElo "2226"]
[BlackElo "2412"]
[PlyCount "67"]
[EventDate "2021.08.21"]
[EventType "swiss"]
[EventRounds "9"]
[EventCountry "SVK"]
[SourceTitle "CBM 204 Extra"]
[Source "ChessBase"]
[SourceDate "2021.11.30"]
[SourceVersion "1"]
[SourceVersionDate "2021.11.30"]
[SourceQuality "1"]

1. d4 Nf6 2. c4 g6 3. Nc3 Bg7 4. e4 d6 5. Be2 0-0 6. Nf3 e5 7. 0-0 Nc6 8. d5 Ne7 9. Ne1 Nd7 10. Be3 f5 11. f3 f4 12. Bf2 g5 13. Rc1 a6 14. Nd3 Rf6 15. c5 Rh6 16. Qb3 Kh8 17. Rfd1 Nf6 18. Na4 g4 19. cxd6 cxd6 20. Nb6 Rb8 21. Nxc8 Nxc8 22. Qc4 g3 23. hxg3 fxg3 24. Bxg3 Ne8 25. Bf2 Ne7 26. g3 Qd7 27. Bf1 Ng8 28. Rc2 Qf7 29. Bg2 Qh5 30. Kf1 Qh2 31. Ne1 Nef6 32. g4 Rg6 33. Rd3 Rf8 34. Bg1 1/2-1/2

[Event "Skalica op"]
[Site "Skalica"]
[Date "2021.08.21"]
[Round "1"]
[White "Marcinek, Michal"]
[Black "Jozefek, Michal"]
[Result "0-1"]
[WhiteElo "1919"]
[BlackElo "2226"]
[PlyCount "132"]
[EventDate "2021.08.21"]
[EventType "swiss"]
[EventRounds "9"]
[EventCountry "SVK"]
[SourceTitle "CBM 204 Extra"]
[Source "ChessBase"]
[SourceDate "2021.11.30"]
[SourceVersion "1"]
[SourceVersionDate "2021.11.30"]
[SourceQuality "1"]

1. d4 Nf6 2. c4 e6 3. Nf3 b6 4. g3 Ba6 5. b3 Bb4+ 6. Bd2 Be7 7. Bg2 c6 8. 0-0 d5 9. cxd5 cxd5 10. Nc3 Nc6 11. Re1 Rc8 12. e3 0-0 13. Bf1 Bxf1 14. Rxf1 Ne4 15. Nxe4 dxe4 16. Ne1 e5 17. Bc3 exd4 18. Bxd4 Nxd4 19. exd4 Bf6 20. Nc2 Qc7 21. Rc1 Rfd8 22. Qe2 Bg5 23. Ne3 Qxc1 24. Rxc1 Rxc1+ 25. Kg2 Bxe3 26. Qxe3 Rd1 27. Qxe4 R1xd4 28. Qe7 a5 29. Qc7 R4d6 30. a4 h5 31. h4 R8d7 32. Qc8+ Kh7 33. Qc2+ g6 34. Qc4 Rf6 35. Qc3 Re6 36. Qf3 Kg8 37. Qc3 Rd5 38. Qc8+ Kh7 39. Qc4 Rf5 40. Qd4 b5 41. axb5 Rxb5 42. Qd7 Rf5 43. Qd4 Re2 44. Kg1 Rexf2 45. Qxf2 Rxf2 46. Kxf2 g5 47. Kf3 Kg6 48. Ke4 f5+ 49. Ke5 f4 50. gxf4 gxh4 51. Ke6 Kg7 52. Ke7 h3 53. f5 h2 54. f6+ Kg6 55. f7 h1Q 56. f8Q Qb7+ 57. Ke6 Qe4+ 58. Kd7 Qd5+ 59. Kc7 Qf7+ 60. Qxf7+ Kxf7 61. Kb6 h4 62. Kxa5 h3 63. b4 h2 64. b5 h1Q 65. Ka6 Qa8+ 66. Kb6 Qb8+ 0-1

[Event "SVK-chT2A 1920"]
[Site "Slovakia"]
[Date "2019.12.15"]
[Round "6.2"]
[White "Jozefek, Michal"]
[Black "Abel, Peter"]
[Result "1/2-1/2"]
[WhiteElo "2242"]
[BlackElo "2219"]
[PlyCount "81"]
[EventDate "2019.10.26"]
[EventType "team-tourn"]
[EventRounds "11"]
[EventCountry "SVK"]
[SourceTitle "CBM 194 Extra"]
[Source "ChessBase"]
[SourceDate "2020.03.31"]
[SourceVersion "1"]
[SourceVersionDate "2020.03.31"]
[SourceQuality "1"]
[WhiteTeam "Osuske II"]
[BlackTeam "Piestany Kupele"]
[WhiteTeamCountry "SVK"]
[BlackTeamCountry "SVK"]

1. d4 Nf6 2. c4 c5 3. d5 e5 4. Nc3 d6 5. e4 Be7 6. Bd3 0-0 7. Nge2 Nh5 8. h4 Kh8 9. Be3 Na6 10. Kd2 Nc7 11. Qg1 Nf6 12. f3 a6 13. a4 Bd7 14. h5 Ng8 15. g3 Rb8 16. b3 Bf6 17. Ra2 b6 18. Qf2 Qe7 19. Rb1 b5 20. axb5 axb5 21. Ra7 bxc4 22. bxc4 Rxb1 23. Nxb1 Rc8 24. Nec3 Qd8 25. Kd1 Ra8 26. Qa2 Qb8 27. Rxa8 Nxa8 28. Nb5 Nb6 29. Nd2 Be7 30. Be2 Nf6 31. g4 Ne8 32. Nf1 Nc7 33. Nxc7 Qxc7 34. Qa6 Bc8 35. Qb5 Bd7 36. Qa6 h6 37. Kc1 Bc8 38. Qb5 Bd7 39. Qa6 Bc8 40. Qb5 Bd7 41. Qa6 1/2-1/2

[Event "SVK-chT 1819"]
[Site "Slovakia"]
[Date "2019.04.13"]
[Round "10.3"]
[White "Jozefek, Michal"]
[Black "Plachetka, Jan"]
[Result "1/2-1/2"]
[WhiteElo "2207"]
[BlackElo "2314"]
[PlyCount "95"]
[EventDate "2018.11.10"]
[EventType "team-tourn"]
[EventRounds "11"]
[EventCountry "SVK"]
[SourceTitle "CBM 189 Extra"]
[Source "ChessBase"]
[SourceDate "2019.05.31"]
[SourceVersion "1"]
[SourceVersionDate "2019.05.31"]
[SourceQuality "1"]
[WhiteTeam "Osuske"]
[BlackTeam "Liptov Chess School"]
[WhiteTeamCountry "SVK"]
[BlackTeamCountry "SVK"]

1. d4 Nf6 2. c4 c5 3. d5 b5 4. cxb5 a6 5. bxa6 g6 6. Nc3 Bxa6 7. e4 Bxf1 8. Kxf1 d6 9. Nf3 Nbd7 10. g3 Bg7 11. Kg2 0-0 12. Re1 Qb6 13. a4 Rfb8 14. Ra3 Ne8 15. Nd2 Nc7 16. Qc2 Qa6 17. b3 Ne5 18. Re3 Ng4 19. Rf3 Ne5 20. Re3 e6 21. f4 Ng4 22. Rd3 exd5 23. Nxd5 Nxd5 24. exd5 Re8 25. Nf3 Re7 26. Ra2 Rae8 27. Qd1 c4 28. bxc4 Qxc4 29. Rc2 Qxa4 30. h3 Nf6 31. Ba3 Ne4 32. Rc6 Qa7 33. Qg1 Qa5 34. Qb6 Qxb6 35. Rxb6 Ra7 36. Ng5 Nc3 37. Bxd6 h6 38. Be5 Na4 39. Rb8 Rxb8 40. Bxb8 Rb7 41. Nxf7 Kxf7 42. Be5 Rd7 43. Kf3 Nb6 44. Ke4 Ra7 45. Rb3 Nd7 46. Rb4 Bf8 47. Rc4 Bc5 48. Bd4 1/2-1/2

[Event "SVK-chT3A2 1819"]
[Site "Slovakia"]
[Date "2019.02.10"]
[Round "8.5"]
[White "Pericka, Tomas"]
[Black "Jozefek, Michal"]
[Result "0-1"]
[WhiteElo "1943"]
[BlackElo "2207"]
[PlyCount "70"]
[EventDate "2018.10.07"]
[EventType "team-tourn"]
[EventRounds "11"]
[EventCountry "SVK"]
[SourceTitle "EXT 2020"]
[Source "ChessBase"]
[SourceDate "2019.10.17"]
[SourceVersion "1"]
[SourceVersionDate "2019.10.17"]
[SourceQuality "1"]
[WhiteTeam "Senica CVC"]
[BlackTeam "Skalica II"]
[WhiteTeamCountry "SVK"]
[BlackTeamCountry "SVK"]

1. e4 c5 2. Nf3 Nc6 3. Bb5 g6 4. c3 Bg7 5. 0-0 e5 6. Re1 Nge7 7. d3 0-0 8. Nbd2 d6 9. Nf1 h6 10. Be3 f5 11. Bc4+ Kh8 12. exf5 gxf5 13. d4 cxd4 14. cxd4 d5 15. Bb3 f4 16. Bd2 e4 17. Ne5 Nxd4 18. Bc3 Nxb3 19. axb3 Nc6 20. Ng6+ Kg8 21. Bxg7 Kxg7 22. Nxf8 Kxf8 23. Qh5 Qg5 24. Qxg5 hxg5 25. Red1 Be6 26. Rac1 Rd8 27. Nd2 Ke7 28. b4 Nxb4 29. Rc7+ Rd7 30. Rxd7+ Bxd7 31. Nb3 b6 32. Kf1 Ba4 33. Rd4 Bxb3 34. Rxb4 Bc4+ 35. Ke1 b5 0-1

[Event "Banska Stiavnica V4 op"]
[Site "Banska Stiavnica"]
[Date "2018.07.11"]
[Round "5"]
[White "Jozefek, Michal"]
[Black "Zatko, Gregor"]
[Result "1-0"]
[WhiteElo "2182"]
[BlackElo "2144"]
[PlyCount "85"]
[EventDate "2018.07.07"]
[EventType "swiss"]
[EventRounds "9"]
[EventCountry "SVK"]
[SourceTitle "CBM 185 Extra"]
[Source "ChessBase"]
[SourceDate "2018.07.29"]
[SourceVersion "1"]
[SourceVersionDate "2018.07.29"]
[SourceQuality "1"]

1. Nf3 c5 2. c4 Nf6 3. Nc3 Nc6 4. d4 cxd4 5. Nxd4 e6 6. Ndb5 Bb4 7. Nd6+ Ke7 8. Bf4 Nh5 9. Bg5+ f6 10. Nxc8+ Rxc8 11. Bd2 g6 12. e4 Qb6 13. Be2 Ne5 14. Qb3 Bc5 15. 0-0 Qc7 16. Rad1 Nc6 17. Nb5 Qe5 18. Qd3 Rhd8 19. Bc3 Qg5 20. Bxh5 Qxh5 21. a3 a5 22. Kh1 Ne5 23. Bxe5 Qxe5 24. f4 Qh5 25. Rf3 Qh6 26. Qd2 d6 27. b4 axb4 28. axb4 Bb6 29. Rh3 Qg7 30. Nxd6 Rxc4 31. Nxc4 Rxd2 32. Rxd2 Bc7 33. Rhd3 Ke8 34. Nd6+ Bxd6 35. Rxd6 Qe7 36. g3 g5 37. Kg2 gxf4 38. gxf4 Qg7+ 39. Kf3 Qh6 40. Rd8+ Kf7 41. R2d7+ Kg6 42. Rg8+ Kh5 43. Rgg7 1-0

[Event "Banska Stiavnica V4 op"]
[Site "Banska Stiavnica"]
[Date "2018.07.10"]
[Round "4"]
[White "Sosovicka, Jakub"]
[Black "Jozefek, Michal"]
[Result "0-1"]
[WhiteElo "1982"]
[BlackElo "2182"]
[PlyCount "74"]
[EventDate "2018.07.07"]
[EventType "swiss"]
[EventRounds "9"]
[EventCountry "SVK"]
[SourceTitle "CBM 185 Extra"]
[Source "ChessBase"]
[SourceDate "2018.07.29"]
[SourceVersion "1"]
[SourceVersionDate "2018.07.29"]
[SourceQuality "1"]

1. e4 c5 2. Nf3 d6 3. d4 cxd4 4. Nxd4 Nf6 5. Nc3 a6 6. Nb3 b5 7. Be3 e6 8. f3 Be7 9. Qd2 Bb7 10. 0-0-0 Nbd7 11. g4 h6 12. Qf2 Rc8 13. h4 Rxc3 14. bxc3 Qc7 15. Bd3 d5 16. g5 Nh5 17. Rhg1 hxg5 18. hxg5 Qxc3 19. Bd4 Qc7 20. g6 e5 21. gxf7+ Kxf7 22. Bb2 d4 23. Qg2 g5 24. Qg4 Bc8 25. Qf5+ Bf6 26. Qh3 Nb6 27. Qf1 Nc4 28. Bxc4+ bxc4 29. Na1 Nf4 30. Rh1 Rh3 31. Rxh3 Bxh3 32. Qe1 c3 33. Nb3 cxb2+ 34. Kxb2 Bg2 35. Qb4 Bxf3 36. Nc5 Bxd1 37. Qc4+ Kg7 0-1